Fr. Conceicao Rodrigues College of Engineering

Mobile computing:Implementing pervasive information and communication tecnologies (Record no. 22381)

MARC details
000 -LEADER
fixed length control field 00392nam a2200157Ia 4500
082 ## - DEWEY DECIMAL CLASSIFICATION NUMBER
Classification number 621.382
Item number UPA
100 ## - MAIN ENTRY--PERSONAL NAME
Personal name Upadhyaya/Shambhu
245 ## - TITLE STATEMENT
Title Mobile computing:Implementing pervasive information and communication tecnologies
260 ## - PUBLICATION, DISTRIBUTION, ETC.
Name of publisher, distributor, etc. Springer
Date of publication, distribution, etc. 2002
366 ## - TRADE AVAILABILITY INFORMATION
Publishers's discount category 25
300 ## - PHYSICAL DESCRIPTION
Extent 216
546 ## - LANGUAGE NOTE
Language note ENGLISH
-- Computers
650 ## - SUBJECT ADDED ENTRY--TOPICAL TERM
Topical term or geographic name entry element Mobile computing
942 ## - ADDED ENTRY ELEMENTS (KOHA)
Koha item type BOOK
Holdings
Withdrawn status Lost status Damaged status Not for loan Collection Home library Current library Date acquired Source of acquisition Cost, normal purchase price Inventory number Total Checkouts Full call number Barcode Date last seen Cost, replacement price Price effective from Koha item type
        CRC Fr. Agnel's C.Rodrigues College of Engineering Fr. Agnel's C.Rodrigues College of Engineering 17/03/2023 Allied Publishers 446.25 2821 dt 19/02/2013   621.382 UPA 22569 17/03/2023 595.00   BOOK